Normal view
MARC view
- Sorokina, G. V
Entry Personal Name
001 - CONTROL NUMBER
- control field: 42485
003 - CONTROL NUMBER IDENTIFIER
- control field: NUST
005 - DATE AND TIME OF LATEST TRANSACTION
- control field: 20210314132325.0
008 - FIXED-LENGTH DATA ELEMENTS
- fixed length control field: 210314|| aca||aabn | a|a d
040 ## - CATALOGING SOURCE
- Original cataloging agency: NUST
- Transcribing agency: NUST
100 ## - HEADING--PERSONAL NAME
- Personal name: Sorokina, G. V
670 ## - SOURCE DATA FOUND
- Source citation: Work cat.: (NUST): Sorokina, G. V., Engineering properties of weak soils at foundations of buildings /, 1995.
